駅名が「台」で終わる駅 - Statistics

General Stats
  • This quiz has been taken 260 times
  • The average score is 34 of 93
Answer Stats
Hint Answer % Correct
仙台市 仙台
71%
仙台市 仙台
71%
朝霞市 朝霞台
71%
八千代市 八千代台
68%
練馬区 練馬高野台
67%
仙台市 北仙台
61%
越谷市 せんげん台
60%
杉戸町 杉戸高野台
60%
練馬区 桜台
60%
筑紫野市 桜台
60%
仙台市 南仙台
58%
板橋区 ときわ台
58%
藤沢市 湘南台
58%
豊能町 ときわ台
58%
横浜市 洋光台
57%
市原市 ちはら台
56%
仙台市 東仙台
55%
横浜市 港南台
55%
我孫子市 天王台
54%
練馬区 富士見台
54%
八千代市 勝田台
53%
練馬区 新桜台
52%
三鷹市 三鷹台
52%
流山市 平和台
51%
練馬区 平和台
51%
練馬区 氷川台
51%
横浜市 本郷台
50%
八千代市 東葉勝田台
47%
港区 白金台
47%
港区 高輪台
47%
板橋区 西台
47%
富士見市 みずほ台
43%
横浜市 青葉台
43%
足立区 足立小台
40%
八王子市 めじろ台
40%
府中市 武蔵野台
39%
町田市 すずかけ台
39%
海老名市 かしわ台
39%
神戸市 鈴蘭台
39%
大崎市 鹿島台
38%
品川区 旗の台
37%
川崎市 宮崎台
37%
千葉市 千城台
35%
市川市 国府台
35%
千葉市 みどり台
34%
流山市 江戸川台
34%
渋谷区 初台
34%
木津川市 木津川台
34%
帯広市 柏林台
32%
東大和市 上北台
32%
市原市 光風台
31%
川崎市 若葉台
31%
豊能町 光風台
31%
神戸市 西鈴蘭台
31%
野田市 七光台
30%
府中市 白糸台
30%
松戸市 みのり台
29%
横浜市 能見台
29%
箱根町 大平台
29%
生駒市 白庭台
29%
千葉市 大森台
27%
荒川区 小台
27%
小平市 鷹の台
27%
白老町 社台
24%
船橋市 薬園台
24%
松戸市 松飛台
24%
大田区 石川台
24%
基山町 けやき台
24%
世田谷区 尾山台
23%
神戸市 北鈴蘭台
23%
千葉市 みつわ台
22%
河内長野市 美加の台
22%
川崎市 五月台
21%
網走市 桂台
20%
船橋市 二和向台
20%
横浜市 弥生台
20%
横浜市 仲町台
20%
千葉市 天台
19%
芳賀町 芳賀台
16%
福知山市 荒河かしの木台
16%
吹田市 桃山台
15%
生駒市 萩の台
15%
田原市 やぐま台
14%
鹿嶋市 荒野台
13%
千葉市 小倉台
13%
北秋田市 大野台
12%
那珂市 後台
12%
静岡市 御門台
12%
松山市 光洋台
12%
神戸市 唐櫃台
11%
函館市 千代台
9%
南阿蘇村 見晴台
7%
広島市 毘沙門台
6%
No matching quizzes found
Score Distribution
Percent of People with Each Score
Percentile by Number Answered
Your Score History
You have not taken this quiz